[Event "British Chess Championships 2023: U16 Championship"]
[Site "De Montfort University, 20 Western Boulevard, Leicester, LE2 7BU"]
[Date "2023.07.28"]
[Round "6"]
[Board "3"]
[White "Sachdeva, Ronit"]
[Black "Schell, Finn"]
[Result "1-0"]
[WhiteElo "1717"]
[BlackElo "1744"]
[PlyCount "61"]
[EventDate "2023.07.25"]
[EventRounds "7"]
[EventCountry "ENG"]

1. Nf3 d5 2. e3 Nf6 3. b3 c5 4. Bb2 g6 5. c4 Bg7 6. cxd5 O-O 7. Bxf6 Bxf6 8. Nc3
Bf5 9. Bc4 a6 10. a4 Qd6 11. O-O Nd7 12. h3 Nb6 13. Qe2 Bxc3 14. dxc3 Nxd5 15. Rac1
Rad8 16. e4 Nf4 17. Qe3 Nxh3+ 18. gxh3 Bxh3 19. Rfd1 Qf6 20. Rxd8 Rxd8 21. Ng5 Be6
22. Nxe6 fxe6 23. Be2 e5 24. Rd1 Rf8 25. Bc4+ Kg7 26. Qg3 h5 27. Rd5 Kh7 28. f3 h4
29. Qxe5 Qxf3 30. Qxe7+ Rf7 31. Qxf7+  1-0

[Event "British Chess Championships 2023: U16 Championship"]
[Site "De Montfort University, 20 Western Boulevard, Leicester, LE2 7BU"]
[Date "2023.07.28"]
[Round "6"]
[Board "4"]
[White "Sharma, Josh"]
[Black "Madhavan, Sanjith"]
[Result "0-1"]
[WhiteElo "1624"]
[BlackElo "1987"]
[PlyCount "60"]
[EventDate "2023.07.25"]
[EventRounds "7"]
[EventCountry "ENG"]

1. d4 Nf6 2. Nc3 d5 3. Bf4 g6 4. e3 Bg7 5. h4 h5 6. Nf3 O-O 7. Qd2 Bf5 8. Ne5 c5
9. f3 cxd4 10. exd4 Nc6 11. Bb5 Qb6 12. O-O-O Nb4 13. Ba4 Rfc8 14. Kb1 a5 15. Rc1
Ne8 16. Bb3 Nd6 17. g4 hxg4 18. fxg4 Be4 19. Rhe1 Rxc3 20. Qxc3 a4 21. Bd2 Nc6 22.
Bxd5 Bxd5 23. Nxc6 bxc6 24. Qc5 Qb7 25. c4 Rb8 26. Bc3 Bxc4 27. h5 Nb5 28. Bb4 Bd3+
29. Ka1 a3 30. Qxc6 Bxd4  0-1

[Event "British Chess Championships 2023: U16 Championship"]
[Site "De Montfort University, 20 Western Boulevard, Leicester, LE2 7BU"]
[Date "2023.07.28"]
[Round "6"]
[Board "5"]
[White "Wynn, Jacob R"]
[Black "Cordova Lopez, Diego Anton"]
[Result "1/2-1/2"]
[WhiteElo "1291"]
[BlackElo "1900"]
[PlyCount "42"]
[EventDate "2023.07.25"]
[EventRounds "7"]
[EventCountry "ENG"]

1. e4 c5 2. c3 g6 3. d4 cxd4 4. cxd4 d5 5. e5 Bg7 6. Nf3 Bg4 7. h3 Bxf3 8. Qxf3 a6
9. Nc3 e6 10. Be2 Nc6 11. Be3 Nge7 12. g4 O-O 13. O-O-O f6 14. exf6 Bxf6 15. Qg3
e5 16. Bh6 Rf7 17. dxe5 Bxe5 18. f4 Bg7 19. Bxg7 Rxg7 20. h4 Qa5 21. a3 Qc5  1/2-1/2

[Event "British Chess Championships 2023: U16 Championship"]
[Site "De Montfort University, 20 Western Boulevard, Leicester, LE2 7BU"]
[Date "2023.07.28"]
[Round "6"]
[Board "6"]
[White "Rich, Aaron"]
[Black "Buckland, Louis"]
[Result "1/2-1/2"]
[WhiteElo "1583"]
[BlackElo "1650"]
[PlyCount "54"]
[EventDate "2023.07.25"]
[EventRounds "7"]
[EventCountry "ENG"]

1. b3 d5 2. Bb2 c5 3. e3 Nc6 4. Bb5 Nf6 5. f4 Bg4 6. Nf3 e6 7. O-O Bd6 8. Qe1 Bxf3
9. Bxc6+ bxc6 10. Rxf3 O-O 11. d3 Rb8 12. Nd2 Re8 13. e4 e5 14. f5 Qc7 15. Qh4 h6
16. Nf1 c4 17. Bc1 Qb6+ 18. Kh1 Qd4 19. Rb1 Be7 20. Bxh6 Nxe4 21. f6 Bxf6 22. Qe1
cxd3 23. cxd3 gxh6 24. dxe4 Bg7 25. Ng3 dxe4 26. Nxe4 Re6 27. Rd1 Qb4  1/2-1/2

[Event "British Chess Championships 2023: U16 Championship"]
[Site "De Montfort University, 20 Western Boulevard, Leicester, LE2 7BU"]
[Date "2023.07.28"]
[Round "6"]
[Board "7"]
[White "Chan, Michelle Ngo Yu"]
[Black "Whelan, Joseph"]
[Result "1-0"]
[WhiteElo "1642"]
[BlackElo "1506"]
[PlyCount "81"]
[EventDate "2023.07.25"]
[EventRounds "7"]
[EventCountry "ENG"]

1. e4 e6 2. d4 d5 3. e5 c5 4. c3 Nc6 5. Nf3 Qb6 6. a3 a5 7. Be2 Bd7 8. O-O O-O-O
9. dxc5 Bxc5 10. b4 Be7 11. Be3 Qc7 12. bxa5 Nxa5 13. Nbd2 Bc5 14. Bxc5 Qxc5 15.
c4 dxc4 16. Ne4 Qd5 17. Nd6+ Kc7 18. Nxf7 Qxd1 19. Rfxd1 Nh6 20. Nxh8 Rxh8 21. Nd4
Nf7 22. f4 g6 23. a4 Nd8 24. Rdc1 b6 25. Bxc4 Nxc4 26. Rxc4+ Kb7 27. Rac1 Be8 28.
Rc7+ Ka6 29. Nb5 Bxb5 30. axb5+ Kxb5 31. Rc8 Nf7 32. Rxh8 Nxh8 33. Rc7 g5 34. Rxh7
Ng6 35. fxg5 Kc6 36. Rh6 Nxe5 37. Rxe6+ Kd5 38. Rxb6 Nf7 39. g6 Nh6 40. g7 Ng8 41.
Rb8  1-0

[Event "British Chess Championships 2023: U16 Championship"]
[Site "De Montfort University, 20 Western Boulevard, Leicester, LE2 7BU"]
[Date "2023.07.28"]
[Round "6"]
[Board "8"]
[White "Ivan, Austin"]
[Black "Patel, Keatan"]
[Result "1/2-1/2"]
[WhiteElo "1550"]
[BlackElo "1536"]
[PlyCount "48"]
[EventDate "2023.07.25"]
[EventRounds "7"]
[EventCountry "ENG"]

1. d4 Nf6 2. Bf4 d5 3. e3 c5 4. Nc3 cxd4 5. exd4 Bg4 6. f3 Bd7 7. Qd2 e6 8. g4 Bb4
9. Nge2 Qb6 10. h4 Bd6 11. Bxd6 Qxd6 12. Nf4 h6 13. O-O-O Bc6 14. Bd3 Nbd7 15. g5
hxg5 16. hxg5 Rxh1 17. Rxh1 Ng8 18. g6 O-O-O 19. gxf7 Nh6 20. Nb5 Bxb5 21. Bxb5 Nxf7
22. Bxd7+ Qxd7 23. Re1 Re8 24. Qc3+ Kb8  1/2-1/2

[Event "British Chess Championships 2023: U16 Championship"]
[Site "De Montfort University, 20 Western Boulevard, Leicester, LE2 7BU"]
[Date "2023.07.28"]
[Round "6"]
[Board "9"]
[White "Sedykh, Stakhey"]
[Black "Wills, Jack"]
[Result "1/2-1/2"]
[WhiteElo "1635"]
[BlackElo "1674"]
[PlyCount "114"]
[EventDate "2023.07.25"]
[EventRounds "7"]
[EventCountry "ENG"]

1. e4 e5 2. Nf3 Nc6 3. Bc4 Nf6 4. d3 h6 5. c3 d6 6. Nbd2 Be7 7. Nf1 O-O 8. Ng3 Na5
9. Bb5 a6 10. Ba4 b5 11. Bc2 Re8 12. O-O Nc6 13. Re1 Bf8 14. d4 Bg4 15. Be3 d5 16.
exd5 exd4 17. dxc6 dxe3 18. fxe3 Bc5 19. Nf1 Qe7 20. h3 Rad8 21. Qe2 Be6 22. Nd4
Qd6 23. a4 Bxd4 24. cxd4 Qxc6 25. axb5 axb5 26. Bd3 Bc4 27. Bxc4 bxc4 28. Rac1 Rxd4
29. Qc2 Rde4 30. Nd2 Rxe3 31. Rxe3 Rxe3 32. Nxc4 Re8 33. Na3 Qxc2 34. Rxc2 Rb8 35.
Nc4 Ne4 36. Ne5 f6 37. Nd3 Rb3 38. Nf4 Ng5 39. Nd5 Ne6 40. Nxc7 Nxc7 41. Rxc7 Rxb2
42. Kh2 Kh7 43. Kg3 Kg6 44. Kf3 h5 45. h4 Rb4 46. g3 Kh6 47. Rc6 Rb7 48. Kf4 Kg6
49. Rc5 Rb6 50. Rc7 Kh6 51. Rc5 g5+ 52. hxg5+ fxg5+ 53. Kf3 Rf6+ 54. Kg2 g4 55. Re5
Kg6 56. Rd5 Rf5 57. Rd6+ Kg5  1/2-1/2

[Event "British Chess Championships 2023: U16 Championship"]
[Site "De Montfort University, 20 Western Boulevard, Leicester, LE2 7BU"]
[Date "2023.07.28"]
[Round "6"]
[Board "10"]
[White "Burke, Alexander"]
[Black "Kathuria, Khush"]
[Result "1-0"]
[WhiteElo "1792"]
[BlackElo "1384"]
[PlyCount "59"]
[EventDate "2023.07.25"]
[EventRounds "7"]
[EventCountry "ENG"]

1. e4 e5 2. Nf3 Nc6 3. Bc4 Bc5 4. c3 Nf6 5. d4 exd4 6. e5 d5 7. Bb5 Ne4 8. cxd4 Bb4+
9. Bd2 Bxd2+ 10. Nbxd2 O-O 11. O-O Bg4 12. Qb3 Nxd4 13. Qd3 Nxf3+ 14. Nxf3 Bxf3 15.
gxf3 Qg5+ 16. Kh1 Nc5 17. Qxd5 Qf4 18. Rg1 Rad8 19. Qxc5 Qxf3+ 20. Rg2 Rd1+ 21. Rxd1
Qxd1+ 22. Rg1 Qf3+ 23. Rg2 Qd1+ 24. Bf1 Qxf1+ 25. Rg1 Qe2 26. Qd4 Re8 27. e6 Qf3+
28. Rg2 f6 29. Qd7 Re7 30. Qd8+  1-0

[Event "British Chess Championships 2023: U16 Championship"]
[Site "De Montfort University, 20 Western Boulevard, Leicester, LE2 7BU"]
[Date "2023.07.28"]
[Round "6"]
[Board "11"]
[White "Burnton, Joshua"]
[Black "Ananyev, Yaroslav"]
[Result "1/2-1/2"]
[WhiteElo "1335"]
[BlackElo "1564"]
[PlyCount "36"]
[EventDate "2023.07.25"]
[EventRounds "7"]
[EventCountry "ENG"]

1. e4 c5 2. Nc3 g6 3. f4 d6 4. Nf3 Nc6 5. Bb5 Bd7 6. Bxc6 Bxc6 7. O-O Bg7 8. d3 e6
9. Qe1 Ne7 10. Qh4 O-O 11. Ne2 d5 12. Ng3 Bd7 13. Ng5 h6 14. Nf3 f5 15. e5 Nc8 16.
Qxd8 Rxd8 17. h4 Ne7 18. a4 Bc6  1/2-1/2

[Event "British Chess Championships 2023: U16 Championship"]
[Site "De Montfort University, 20 Western Boulevard, Leicester, LE2 7BU"]
[Date "2023.07.28"]
[Round "6"]
[Board "12"]
[White "Afonso, Davi Diniz"]
[Black "Sengupta, Sohana"]
[Result "1/2-1/2"]
[WhiteElo "1543"]
[BlackElo "1242"]
[PlyCount "37"]
[EventDate "2023.07.25"]
[EventRounds "7"]
[EventCountry "ENG"]

1. d4 d5 2. Bf4 Nf6 3. e3 e6 4. Nd2 c5 5. c3 Nc6 6. Bd3 h6 7. Ngf3 Bd6 8. Bg3 Bxg3
9. hxg3 Qe7 10. Bb5 Bd7 11. Bxc6 bxc6 12. Ne5 cxd4 13. exd4 c5 14. Ndf3 Rc8 15. g4
Ne4 16. dxc5 Qxc5 17. Qd4 Qxd4 18. Nxd4 Rc7 19. f3  1/2-1/2

[Event "British Chess Championships 2023: U16 Championship"]
[Site "De Montfort University, 20 Western Boulevard, Leicester, LE2 7BU"]
[Date "2023.07.28"]
[Round "6"]
[Board "13"]
[White "Quaite, Toby"]
[Black "Ewart, Samuel"]
[Result "1-0"]
[WhiteElo "1374"]
[BlackElo "1086"]
[PlyCount "86"]
[EventDate "2023.07.25"]
[EventRounds "7"]
[EventCountry "ENG"]

1. d4 g6 2. c4 Bg7 3. Nc3 d6 4. e4 Nf6 5. f3 O-O 6. Be3 Nbd7 7. Qd2 e5 8. d5 b6 9.
Nge2 Ba6 10. Ng3 Qc8 11. h4 h5 12. Be2 Nc5 13. b4 Ncd7 14. Nf1 Nb8 15. Nh2 c6 16.
dxc6 Qe6 17. Nd5 Nxd5 18. Qxd5 Qe7 19. b5 Rc8 20. bxa6 Nxc6 21. Qd2 Qxh4+ 22. Bf2
Qe7 23. Rd1 Rd8 24. O-O Nb8 25. c5 Nc6 26. cxb6 axb6 27. Bxb6 Rd7 28. Bb5 Rc8 29.
a7 Nxa7 30. Bxd7 Qxd7 31. Qxd6 Qb7 32. Kh1 Rc6 33. Qd8+ Kh7 34. Bxa7 Qxa7 35. Qd7
Rc7 36. Qd5 Rc5 37. Qb3 Bh6 38. Rd5 Ra5 39. Rxa5 Qxa5 40. Qxf7+ Bg7 41. g4 hxg4 42.
Nxg4 Qa6 43. Rf2 Qc8  1-0

[Event "British Chess Championships 2023: U16 Championship"]
[Site "De Montfort University, 20 Western Boulevard, Leicester, LE2 7BU"]
[Date "2023.07.29"]
[Round "7"]
[Board "1"]
[White "Chopra, Manmay"]
[Black "Pal, Rohan"]
[Result "1/2-1/2"]
[WhiteElo "1986"]
[BlackElo "1966"]
[PlyCount "24"]
[EventDate "2023.07.25"]
[EventRounds "7"]
[EventCountry "ENG"]

1. e4 c5 2. Nf3 e6 3. d3 Nc6 4. g3 d5 5. Nbd2 Bd6 6. Bg2 Nge7 7. O-O O-O 8. Re1 f6
9. c3 Qc7 10. d4 cxd4 11. Nxd4 Qb6 12. N2b3 Nxd4  1/2-1/2

[Event "British Chess Championships 2023: U16 Championship"]
[Site "De Montfort University, 20 Western Boulevard, Leicester, LE2 7BU"]
[Date "2023.07.29"]
[Round "7"]
[Board "2"]
[White "Evans, Ruben Nangalia"]
[Black "Sachdeva, Ronit"]
[Result "1/2-1/2"]
[WhiteElo "1552"]
[BlackElo "1717"]
[PlyCount "34"]
[EventDate "2023.07.25"]
[EventRounds "7"]
[EventCountry "ENG"]

1. d4 d5 2. c4 c6 3. cxd5 cxd5 4. Nc3 Nf6 5. Bf4 Nc6 6. Nf3 a6 7. e3 Bg4 8. h3 Bxf3
9. Qxf3 e6 10. Bd3 Be7 11. O-O O-O 12. Rac1 Rc8 13. Qe2 h6 14. Bg3 Na5 15. Na4 b5
16. Nc5 Qb6 17. b4 Nc4  1/2-1/2

[Event "British Chess Championships 2023: U16 Championship"]
[Site "De Montfort University, 20 Western Boulevard, Leicester, LE2 7BU"]
[Date "2023.07.29"]
[Round "7"]
[Board "3"]
[White "Madhavan, Sanjith"]
[Black "Pert, Max P"]
[Result "1/2-1/2"]
[WhiteElo "1987"]
[BlackElo "1936"]
[PlyCount "33"]
[EventDate "2023.07.25"]
[EventRounds "7"]
[EventCountry "ENG"]

1. e4 c6 2. d4 d5 3. e5 c5 4. Nf3 Nc6 5. dxc5 Bg4 6. c3 e6 7. Be3 Bxf3 8. Qxf3 Nxe5
9. Bb5+ Nc6 10. O-O Nf6 11. c4 a6 12. Ba4 Rc8 13. Rd1 Qa5 14. Nc3 dxc4 15. Bg5 Be7
16. Bc2 O-O 17. Qh3  1/2-1/2

[Event "British Chess Championships 2023: U16 Championship"]
[Site "De Montfort University, 20 Western Boulevard, Leicester, LE2 7BU"]
[Date "2023.07.29"]
[Round "7"]
[Board "4"]
[White "Cordova Lopez, Diego Anton"]
[Black "Chan, Michelle Ngo Yu"]
[Result "1-0"]
[WhiteElo "1900"]
[BlackElo "1642"]
[PlyCount "47"]
[EventDate "2023.07.25"]
[EventRounds "7"]
[EventCountry "ENG"]

1. e4 e5 2. Nf3 Nc6 3. Nc3 Nf6 4. g3 Be7 5. Bg2 O-O 6. O-O d6 7. h3 Re8 8. d3 Be6
9. Kh2 h6 10. Nd2 d5 11. f4 dxe4 12. f5 Bd7 13. Ndxe4 Qc8 14. Nxf6+ Bxf6 15. Ne4
Bg5 16. f6 Bxc1 17. Qxc1 Bf5 18. g4 Bxe4 19. Bxe4 Qd8 20. g5 h5 21. g6 Re6 22. fxg7
Kxg7 23. Rxf7+ Kg8 24. Qh6  1-0

[Event "British Chess Championships 2023: U16 Championship"]
[Site "De Montfort University, 20 Western Boulevard, Leicester, LE2 7BU"]
[Date "2023.07.29"]
[Round "7"]
[Board "6"]
[White "Schell, Finn"]
[Black "Sedykh, Stakhey"]
[Result "1/2-1/2"]
[WhiteElo "1744"]
[BlackElo "1635"]
[PlyCount "32"]
[EventDate "2023.07.25"]
[EventRounds "7"]
[EventCountry "ENG"]

1. e4 e5 2. Nf3 Nc6 3. Bb5 a6 4. Ba4 Nf6 5. d3 b5 6. Bb3 Be7 7. a4 Bb7 8. O-O d6
9. Nc3 Na7 10. Be3 c5 11. Ne2 Qc7 12. Ng3 O-O 13. h3 d5 14. exd5 Nxd5 15. Nf5 Nxe3
16. Nxe3 Rad8  1/2-1/2

[Event "British Chess Championships 2023: U16 Championship"]
[Site "De Montfort University, 20 Western Boulevard, Leicester, LE2 7BU"]
[Date "2023.07.29"]
[Round "7"]
[Board "7"]
[White "Ivan, Austin"]
[Black "Rich, Aaron"]
[Result "1/2-1/2"]
[WhiteElo "1550"]
[BlackElo "1583"]
[PlyCount "73"]
[EventDate "2023.07.25"]
[EventRounds "7"]
[EventCountry "ENG"]

1. d4 f5 2. Nc3 Nf6 3. Bg5 e6 4. e4 fxe4 5. Nxe4 Be7 6. Bxf6 Bxf6 7. Qd2 b6 8. c3
Bb7 9. Bd3 a5 10. f4 Qe7 11. Nf3 Nc6 12. O-O O-O 13. Rae1 Qd8 14. Qc2 g6 15. Ne5
Ne7 16. Nxf6+ Rxf6 17. Ng4 Rf8 18. Be4 Bxe4 19. Qxe4 Nd5 20. c4 Nf6 21. Nxf6+ Qxf6
22. Re3 Rae8 23. Ref3 Re7 24. g4 Rfe8 25. Re1 Rg7 26. g5 Qf8 27. a3 Rge7 28. Rfe3
Qf7 29. h4 Rf8 30. Rf1 Qf5 31. Qxf5 Rxf5 32. Kg2 Ref7 33. Kg3 Kg7 34. Re5 c5 35.
Rxf5 Rxf5 36. Rd1 d5 37. b3  1/2-1/2

[Event "British Chess Championships 2023: U16 Championship"]
[Site "De Montfort University, 20 Western Boulevard, Leicester, LE2 7BU"]
[Date "2023.07.29"]
[Round "7"]
[Board "8"]
[White "Patel, Keatan"]
[Black "Burke, Alexander"]
[Result "1/2-1/2"]
[WhiteElo "1536"]
[BlackElo "1792"]
[PlyCount "119"]
[EventDate "2023.07.25"]
[EventRounds "7"]
[EventCountry "ENG"]

1. d4 f5 2. g3 g6 3. Bg2 Bg7 4. c4 Nf6 5. Nc3 e6 6. Nh3 O-O 7. O-O d6 8. d5 e5 9.
e4 fxe4 10. Ng5 Bg4 11. Qb3 h6 12. Ngxe4 Nxe4 13. Nxe4 Qc8 14. c5 Bf5 15. cxd6 Bxe4
16. Bxe4 cxd6 17. Bxg6 Nd7 18. Be3 b6 19. Rac1 Nc5 20. Qc2 Qg4 21. Bxc5 bxc5 22.
Qe4 Rf4 23. Bh7+ Kh8 24. Qg6 Qxg6 25. Bxg6 Ra4 26. Bb1 e4 27. b3 Rd4 28. Rfd1 Re8
29. Rxd4 cxd4 30. Re1 e3 31. fxe3 dxe3 32. Bd3 Bd4 33. Kg2 Kg7 34. Rf1 Bc3 35. Kf3
Bd2 36. Ke2 Re5 37. Rf5 Rxf5 38. Bxf5 Kf6 39. Be6 Ke5 40. Kd3 a5 41. a3 Kf6 42. b4
axb4 43. axb4 Bxb4 44. Kxe3 Bc5+ 45. Kf4 Ba3 46. Ke4 Bb2 47. h3 Be5 48. g4 Bb2 49.
Kf3 Bc1 50. Kg3 Bd2 51. h4 Bc1 52. g5+ hxg5 53. h5 g4 54. Kxg4 Bh6 55. Kf3 Ke5 56.
Ke2 Kd4 57. Bf7 Bg5 58. Kf2 Bh6 59. Kf3 Ke5 60. Ke2  1/2-1/2

[Event "British Chess Championships 2023: U16 Championship"]
[Site "De Montfort University, 20 Western Boulevard, Leicester, LE2 7BU"]
[Date "2023.07.29"]
[Round "7"]
[Board "9"]
[White "Whelan, Joseph"]
[Black "Sharma, Josh"]
[Result "0-1"]
[WhiteElo "1506"]
[BlackElo "1624"]
[PlyCount "112"]
[EventDate "2023.07.25"]
[EventRounds "7"]
[EventCountry "ENG"]

1. e4 e5 2. Nf3 Nc6 3. Bc4 Nf6 4. d3 Bc5 5. Bg5 h6 6. Bxf6 Qxf6 7. c3 d6 8. O-O a6
9. h3 Be6 10. Bxe6 fxe6 11. Nbd2 Ba7 12. Kh1 O-O 13. Qe2 Rf7 14. g3 Raf8 15. Nh2
Qg6 16. Ng4 h5 17. Ne3 Rf6 18. g4 Qf7 19. f3 Bxe3 20. Qxe3 hxg4 21. fxg4 Rf4 22.
Kg2 Qg6 23. Qg3 d5 24. Rf3 dxe4 25. dxe4 Rxf3 26. Nxf3 Qxe4 27. Re1 Qd5 28. c4 Qxc4
29. Nxe5 Qxa2 30. Nxc6 Qd5+ 31. Kh2 Qxc6 32. Qe3 Re8 33. g5 e5 34. Qb3+ Kh7 35. Qf7
Qg6 36. Qxc7 Qxg5 37. Rg1 Qe7 38. Qb6 e4 39. Qe3 Qe5+ 40. Qg3 Qxb2+ 41. Rg2 Qe5 42.
Re2 Qxg3+ 43. Kxg3 e3 44. Kg2 Kg6 45. Kf1 Kf5 46. Ke1 Ke4 47. Rb2 b5 48. Ke2 Rd8
49. Rb4+ Rd4 50. Rb3 Rd2+ 51. Ke1 Kf3 52. Ra3 Rh2 53. Kd1 Rh1+ 54. Kc2 Kf2 55. Ra2
e2 56. Kd3 Rxh3+  0-1

[Event "British Chess Championships 2023: U16 Championship"]
[Site "De Montfort University, 20 Western Boulevard, Leicester, LE2 7BU"]
[Date "2023.07.29"]
[Round "7"]
[Board "10"]
[White "Ananyev, Yaroslav"]
[Black "Latypova, Olga L"]
[Result "0-1"]
[WhiteElo "1564"]
[BlackElo "1693"]
[PlyCount "69"]
[EventDate "2023.07.25"]
[EventRounds "7"]
[EventCountry "ENG"]

1. d4 Nf6 2. c4 g6 3. Nc3 d5 4. Bg5 Ne4 5. Nxe4 dxe4 6. f3 Bg7 7. e3 c5 8. Ne2 cxd4
9. exd4 exf3 10. gxf3 Nc6 11. Be3 O-O 12. Qd2 Qd6 13. O-O-O a5 14. Bh6 Qb4 15. Bxg7
Qxd2+ 16. Rxd2 Kxg7 17. Ng3 Rd8 18. d5 Nb4 19. a3 Na6 20. h4 Nc5 21. Kb1 h5 22. Rg1
Kf8 23. Bd3 Nxd3 24. Rxd3 Ra6 25. Re3 e6 26. Rge1 exd5 27. cxd5 Rad6 28. Ne4 Rxd5
29. Nf6 Rd1+ 30. Rxd1 Rxd1+ 31. Kc2 Rd8 32. Re5 b6 33. Rb5 Rd6 34. Nd5 Bd7 35. Rxb6
 0-1

[Event "British Chess Championships 2023: U16 Championship"]
[Site "De Montfort University, 20 Western Boulevard, Leicester, LE2 7BU"]
[Date "2023.07.29"]
[Round "7"]
[Board "11"]
[White "Wills, Jack"]
[Black "Afonso, Davi Diniz"]
[Result "0-1"]
[WhiteElo "1674"]
[BlackElo "1543"]
[PlyCount "78"]
[EventDate "2023.07.25"]
[EventRounds "7"]
[EventCountry "ENG"]

1. d4 Nf6 2. c4 g6 3. Nf3 Bg7 4. Nc3 d5 5. cxd5 Nxd5 6. e4 Nxc3 7. bxc3 c5 8. Be3
Nc6 9. Be2 Bg4 10. O-O Bxf3 11. Bxf3 cxd4 12. cxd4 Bxd4 13. Bxd4 Qxd4 14. Qb3 Qd7
15. Rfd1 Qc7 16. Rac1 O-O 17. e5 Qxe5 18. Qxb7 Nd4 19. Re1 Nxf3+ 20. Qxf3 Qb2 21.
Qe2 Qxe2 22. Rxe2 Rfc8 23. Rd1 Rd8 24. Rxd8+ Rxd8 25. g3 Rd7 26. Kg2 f6 27. f4 Kf7
28. Kh3 Rd3 29. Rc2 h5 30. Re2 Ra3 31. Kg2 e5 32. fxe5 fxe5 33. Rxe5 Rxa2+ 34. Kh3
Kf6 35. Re8 a5 36. Ra8 a4 37. g4 Ra3+ 38. Kh4 g5+ 39. Kxh5 Rh3#  0-1

[Event "British Chess Championships 2023: U16 Championship"]
[Site "De Montfort University, 20 Western Boulevard, Leicester, LE2 7BU"]
[Date "2023.07.29"]
[Round "7"]
[Board "12"]
[White "Kathuria, Khush"]
[Black "Quaite, Toby"]
[Result "0-1"]
[WhiteElo "1384"]
[BlackElo "1374"]
[PlyCount "48"]
[EventDate "2023.07.25"]
[EventRounds "7"]
[EventCountry "ENG"]

1. e4 e6 2. d4 d5 3. Nd2 Nf6 4. e5 Nfd7 5. Ngf3 c5 6. c3 f6 7. Bb5 Nc6 8. Qa4 Qc7
9. O-O a6 10. Bxc6 Qxc6 11. Qxc6 bxc6 12. exf6 Nxf6 13. Re1 h6 14. dxc5 Bxc5 15.
Nb3 Ba7 16. Nfd4 Bxd4 17. Nxd4 Kd7 18. Nxe6 Re8 19. Bf4 Rxe6 20. Rxe6 Kxe6 21. Re1+
Kf7 22. Bd6 Ne4 23. Bb4 Be6 24. c4 Nf6  0-1

[Event "British Chess Championships 2023: U16 Championship"]
[Site "De Montfort University, 20 Western Boulevard, Leicester, LE2 7BU"]
[Date "2023.07.29"]
[Round "7"]
[Board "13"]
[White "Sengupta, Sohana"]
[Black "Ewart, Samuel"]
[Result "0-1"]
[WhiteElo "1242"]
[BlackElo "1086"]
[PlyCount "94"]
[EventDate "2023.07.25"]
[EventRounds "7"]
[EventCountry "ENG"]

1. e4 g6 2. d4 Bg7 3. Nc3 d6 4. Nf3 a6 5. Be2 b5 6. a3 Nd7 7. Be3 Bb7 8. Bd3 c5 9.
Qd2 Qc7 10. O-O Ngf6 11. Bh6 O-O 12. Bxg7 Kxg7 13. d5 b4 14. axb4 cxb4 15. Ne2 a5
16. Ng3 Qb6 17. Rfe1 Kg8 18. Bc4 Rfc8 19. Qe2 Ba6 20. Bxa6 Qxa6 21. Nd4 Nc5 22. Nc6
Kf8 23. Qe3 Qb7 24. f4 e6 25. Qd4 Ng8 26. h4 h5 27. Rad1 b3 28. c3 a4 29. Ra1 Ra6
30. Nb4 Ra5 31. dxe6 fxe6 32. Qxd6+ Qe7 33. Qb6 Qc7 34. Qxc7 Rxc7 35. Ra3 Ne7 36.
Rea1 Rd7 37. Ne2 Rd2 38. Nd4 Rxb2 39. f5 gxf5 40. exf5 Nxf5 41. Nxf5 exf5 42. Nc6
Ra8 43. Rf1 f4 44. Rxf4+ Ke8 45. Rc4 Rb1+ 46. Kh2 b2 47. Rxc5 Ra1  0-1